| Tag |
First Indicator |
Second Indicator |
Subfields |
| LEADER |
00000cam a2200000 4500 |
| 001 |
in00000054605 |
| 005 |
20151008052052.0 |
| 008 |
800509s1947 nyua 00010 eng |
| 010 |
|
|
|a 47011638
|
| 035 |
|
|
|a (OCoLC)06301025
|
| 035 |
|
|
|9 AAH1510AM
|
| 040 |
|
|
|a DLC
|c TXA
|d UtOrBLW
|
| 049 |
|
|
|a TXAM
|c [156081]
|
| 050 |
|
0 |
|a LB2343
|b .D4
|
| 082 |
0 |
|
|a 371.42
|
| 092 |
|
|
|a 371.42
|b D481y
|
| 100 |
1 |
|
|a Detjen, Mary Elizabeth Ford,
|d 1904-
|
| 245 |
1 |
0 |
|a Your plans for the future /
|c by Mary Ford Detjen and Ervin Winfred Detjen. Foreword by Hilda Threlkeld. Drawings by John L. Shailer.
|
| 264 |
|
1 |
|a New York :
|b Whittlesey House,
|c [1947]
|
| 300 |
|
|
|a ix, 294 pages :
|b illustrations ;
|c 21 cm.
|
| 336 |
|
|
|a text
|b txt
|2 rdacontent
|
| 337 |
|
|
|a unmediated
|b n
|2 rdamedia
|
| 338 |
|
|
|a volume
|b nc
|2 rdacarrier
|
| 650 |
|
0 |
|a Educational counseling.
|
| 650 |
|
0 |
|a Education, Higher.
|
| 650 |
|
0 |
|a Vocational guidance.
|
| 700 |
1 |
|
|a Detjen, Ervin Winfred,
|d 1906-
|
| 999 |
|
|
|a MARS
|
| 999 |
f |
f |
|s fc9d5773-4c2c-3c74-a6c2-4f1e4f9e9457
|i 30da06b1-7d2b-3435-af55-2efc0560bc26
|t 0
|
| 952 |
f |
f |
|p normal
|a Texas A&M University
|b College Station
|c Sterling C. Evans Library
|d Evans: Library Stacks
|t 0
|e LB2343 .D4
|h Library of Congress classification
|i unmediated -- volume
|m A14800837886
|
| 998 |
f |
f |
|a LB2343 .D4
|t 0
|l Evans: Library Stacks
|